Card sorting. Designing usable categories.
Kaydedildi:
| Yazar: | |
|---|---|
| Materyal Türü: | Bilinmiyor |
| Dil: | İngilizce |
| Baskı/Yayın Bilgisi: |
Brooklyn, New York:
Rosenfeld Media,
2009.
|
| Konular: | |
| Etiketler: |
Etiketle
Etiket eklenmemiş, İlk siz ekleyin!
|
MARC
| LEADER | 00000 a2200000 4500 | ||
|---|---|---|---|
| 003 | CL-VaPUC | ||
| 005 | 20231130123524.0 | ||
| 008 | 231110t2009 ||||| |||| 00| 0 eng d | ||
| 999 | |c 441961 |d 441959 | ||
| 020 | |a 978-1-933820-02-6 | ||
| 040 | |c Pontificia Universidad Católica de Valparaíso | ||
| 082 | |2 22 |a 005.72 SPE 2009 | ||
| 100 | |a Spencer, Donna |9 884873 |e author | ||
| 245 | |a Card sorting. |b Designing usable categories. | ||
| 260 | |a Brooklyn, New York: |b Rosenfeld Media, |c 2009. | ||
| 300 | |a XIII, 162 páginas. | ||
| 583 | |k GC |c 20231110 | ||
| 650 | 0 | |9 726466 |a Fichas |x Tajertas de índice (index cards) |x Organización de la información |v Aspectos informáticos | |
| 650 | 0 | |9 362327 |a Gestión de la información |x Sitios web |v Diseño | |
| 942 | |2 ddc |c BK | ||
| 952 | |0 0 |1 0 |2 ddc |4 0 |6 005_720000000000000_SPE_2009 |7 0 |8 A |9 592392 |a BIBARQ |b BIBARQ |c GEN |d 2023-11-10 |e 3 |g 70189.00 |i 5659380 |l 1 |o 005.72 SPE 2009 |p 5659380 |r 2025-01-20 |s 2024-05-03 |t 1 |v 70189.00 |w 2023-11-10 |y BK |k ARQ | ||